[Event "DEM U12 2021"]
[Site "Willingen GER"]
[Date "2021.08.26"]
[Round "6"]
[White "Besou, Hussain"]
[Black "Helms, Finn"]
[Result "1-0"]
[Termination "normal"]
[Board "1"]
[WhiteElo "1856"]
[BlackElo "1972"]
[WhiteClock "01:27:16"]
[BlackClock "01:13:14"]
[PlyCount "79"]
[WhiteFideId "16269950"]
[BlackFideId "16249143"]
[EventCountry "GER"]
[EventRounds "9"]
[EventType "swiss"]
[EventDate "2021.08.22"]

1. e4 {[%clk 01:30:57]} {[%emt 00:00:01]} c6 {[%clk 01:30:56]} {[%emt
00:00:04]} 2. d4 {[%clk 01:31:21]} {[%emt 00:00:07]} d5 {[%clk 01:31:26]} 3. e5
{[%clk 01:31:42]} {[%emt 00:00:10]} c5 {[%clk 01:31:49]} {[%emt 00:00:07]} 4.
dxc5 {[%clk 01:32:06]} {[%emt 00:00:05]} e6 {[%clk 01:32:10]} {[%emt 00:00:09]}
5. a3 {[%clk 01:32:32]} {[%emt 00:00:04]} Nc6 {[%clk 01:31:03]} {[%emt
00:01:37]} 6. Nf3 {[%clk 01:32:55]} {[%emt 00:00:07]} Bxc5 {[%clk 01:31:20]}
{[%emt 00:00:12]} 7. b4 {[%clk 01:33:22]} {[%emt 00:00:03]} Bb6 {[%clk
01:30:54]} {[%emt 00:00:56]} 8. Bb2 {[%clk 01:33:42]} {[%emt 00:00:10]} Nge7
{[%clk 01:30:37]} {[%emt 00:00:47]} 9. Bd3 {[%clk 01:34:06]} {[%emt 00:00:06]}
Bc7 {[%clk 01:28:18]} {[%emt 00:02:49]} 10. O-O {[%clk 01:33:33]} {[%emt
00:01:04]} Bd7 {[%clk 01:26:13]} {[%emt 00:02:34]} 11. Nbd2 {[%clk 01:33:44]}
{[%emt 00:00:19]} Nc8 {[%clk 01:25:09]} {[%emt 00:01:35]} 12. c4 {[%clk
01:32:05]} {[%emt 00:02:09]} dxc4 {[%clk 01:24:22]} {[%emt 00:01:17]} 13. Nxc4
{[%clk 01:32:29]} {[%emt 00:00:05]} Qe7 {[%clk 01:20:44]} {[%emt 00:04:08]} 14.
b5 {[%clk 01:31:55]} {[%emt 00:01:05]} Nd8 {[%clk 01:19:22]} {[%emt 00:01:51]}
15. a4 {[%clk 01:32:02]} {[%emt 00:00:23]} O-O {[%clk 01:19:35]} {[%emt
00:00:18]} 16. Ba3 {[%clk 01:32:28]} {[%emt 00:00:05]} Qe8 {[%clk 01:19:56]}
{[%emt 00:00:08]} 17. Bxh7+ {[%clk 01:31:51]} {[%emt 00:01:07]} Kxh7 {[%clk
01:15:58]} {[%emt 00:04:29]} 18. Bxf8 {[%clk 01:32:07]} {[%emt 00:00:13]} Bxb5
{[%clk 01:14:04]} {[%emt 00:02:24]} 19. axb5 {[%clk 01:32:26]} {[%emt
00:00:11]} Qxf8 {[%clk 01:14:02]} {[%emt 00:00:32]} 20. Qd4 {[%clk 01:29:21]}
{[%emt 00:03:34]} Kg8 {[%clk 01:13:26]} {[%emt 00:01:07]} 21. Rfd1 {[%clk
01:26:46]} {[%emt 00:03:05]} Ne7 {[%clk 01:12:54]} {[%emt 00:01:02]} 22. b6
{[%clk 01:25:09]} {[%emt 00:02:07]} Ndc6 {[%clk 01:12:52]} {[%emt 00:00:32]}
23. Qd7 {[%clk 01:24:36]} {[%emt 00:01:03]} Bxb6 {[%clk 01:13:14]} {[%emt
00:00:08]} 24. Nxb6 {[%clk 01:24:44]} {[%emt 00:00:22]} axb6 {[%clk 01:13:43]}
{[%emt 00:00:02]} 25. Qxb7 {[%clk 01:24:53]} {[%emt 00:00:20]} Rb8 {[%clk
01:13:59]} {[%emt 00:00:14]} 26. Qd7 {[%clk 01:25:07]} {[%emt 00:00:17]} b5
{[%emt 00:00:22]} 27. Rd6 {[%clk 01:24:36]} {[%emt 00:00:58]} Rd8 {[%clk
01:13:56]} {[%emt 00:00:44]} 28. Qc7 {[%clk 01:24:57]} {[%emt 00:00:09]} Ra8
{[%clk 01:13:16]} {[%emt 00:01:10]} 29. Rad1 {[%clk 01:24:33]} {[%emt
00:00:54]} Rc8 {[%clk 01:12:08]} {[%emt 00:01:38]} 30. Qb6 {[%clk 01:24:02]}
{[%emt 00:01:00]} Nd5 {[%clk 01:12:29]} {[%emt 00:00:09]} 31. R1xd5 {[%clk
01:24:17]} {[%emt 00:00:15]} exd5 {[%clk 01:11:55]} {[%emt 00:01:05]} 32. Rxc6
{[%clk 01:24:41]} {[%emt 00:00:06]} Rb8 {[%clk 01:12:16]} {[%emt 00:00:09]} 33.
Qc5 {[%clk 01:25:02]} {[%emt 00:00:08]} Qxc5 {[%clk 01:11:57]} {[%emt
00:00:49]} 34. Rxc5 {[%clk 01:25:27]} {[%emt 00:00:06]} b4 {[%clk 01:12:25]}
{[%emt 00:00:03]} 35. Rxd5 {[%clk 01:25:42]} {[%emt 00:00:14]} b3 {[%clk
01:12:47]} {[%emt 00:00:09]} 36. Rd1 {[%clk 01:26:08]} {[%emt 00:00:04]} b2
{[%clk 01:12:56]} {[%emt 00:00:21]} 37. Nd2 {[%clk 01:26:11]} {[%emt 00:00:26]}
Rc8 {[%clk 01:13:09]} {[%emt 00:00:17]} 38. Kf1 {[%clk 01:26:29]} {[%emt
00:00:12]} Rc1 {[%clk 01:12:48]} {[%emt 00:00:51]} 39. Ke2 {[%clk 01:26:53]}
{[%emt 00:00:06]} Rc2 {[%clk 01:13:14]} {[%emt 00:00:05]} 40. Rb1 {[%clk
01:27:16]} {[%emt 00:00:07]} 1-0

[Event "DEM U12 2021"]
[Site "Willingen GER"]
[Date "2021.08.26"]
[Round "6"]
[White "Torosyan, Bagrat"]
[Black "Malinowsky, Levi"]
[Result "0-1"]
[Termination "normal"]
[Board "2"]
[WhiteElo "1598"]
[BlackElo "1593"]
[WhiteClock "00:30:00"]
[BlackClock "00:46:42"]
[PlyCount "68"]
[WhiteFideId "16258134"]
[BlackFideId "16253094"]
[EventCountry "GER"]
[EventRounds "9"]
[EventType "swiss"]
[EventDate "2021.08.22"]

1. e4 {[%clk 01:30:56]} {[%emt 00:00:04]} c5 {[%clk 01:30:47]} {[%emt
00:00:13]} 2. Nf3 {[%clk 01:31:18]} {[%emt 00:00:07]} e6 {[%clk 01:31:00]}
{[%emt 00:00:18]} 3. d4 {[%clk 01:31:38]} {[%emt 00:00:10]} cxd4 {[%clk
01:31:20]} {[%emt 00:00:11]} 4. Nxd4 {[%clk 01:32:03]} {[%emt 00:00:05]} a6
{[%clk 01:31:40]} {[%emt 00:00:11]} 5. Be3 {[%clk 01:31:44]} {[%emt 00:00:49]}
Qc7 {[%clk 01:31:41]} {[%emt 00:00:27]} 6. c4 {[%clk 01:31:06]} {[%emt
00:01:09]} Nf6 {[%clk 01:30:58]} {[%emt 00:01:12]} 7. f3 {[%clk 01:29:37]}
{[%emt 00:02:01]} Be7 {[%clk 01:26:31]} {[%emt 00:04:57]} 8. Be2 {[%clk
01:29:13]} {[%emt 00:00:54]} O-O {[%clk 01:25:34]} {[%emt 00:01:27]} 9. O-O
{[%clk 01:29:27]} {[%emt 00:00:16]} d5 {[%clk 01:24:01]} {[%emt 00:02:02]} 10.
cxd5 {[%clk 01:24:33]} {[%emt 00:05:25]} exd5 {[%clk 01:22:52]} {[%emt
00:01:38]} 11. exd5 {[%clk 01:21:51]} {[%emt 00:03:12]} Nxd5 {[%clk 01:22:26]}
{[%emt 00:00:55]} 12. Bf2 {[%clk 01:21:35]} {[%emt 00:00:47]} Rd8 {[%clk
01:19:47]} {[%emt 00:03:09]} 13. Qb3 {[%clk 01:17:22]} {[%emt 00:04:43]} Nc6
{[%clk 01:15:24]} {[%emt 00:04:53]} 14. Nxc6 {[%clk 01:11:37]} {[%emt
00:06:16]} Qxc6 {[%clk 01:15:21]} {[%emt 00:00:33]} 15. Bc4 {[%clk 01:06:56]}
{[%emt 00:05:12]} Be6 {[%clk 01:14:26]} {[%emt 00:01:24]} 16. Na3 {[%clk
00:53:47]} {[%emt 00:13:40]} b5 {[%clk 01:13:10]} {[%emt 00:01:46]} 17. Bxd5
{[%clk 00:52:43]} {[%emt 00:01:34]} Rxd5 {[%clk 01:09:03]} {[%emt 00:04:37]}
18. Qe3 {[%clk 00:46:39]} {[%emt 00:06:34]} Bf6 {[%clk 01:02:31]} {[%emt
00:07:02]} 19. Rac1 {[%clk 00:43:21]} {[%emt 00:03:48]} Qd7 {[%clk 00:59:25]}
{[%emt 00:03:34]} 20. Qb6 {[%clk 00:34:40]} {[%emt 00:09:13]} Rd6 {[%clk
00:47:43]} {[%emt 00:12:12]} 21. Qa5 {[%clk 00:33:55]} {[%emt 00:01:15]} Bxb2
{[%clk 00:45:21]} {[%emt 00:02:52]} 22. Rc7 {[%clk 00:31:20]} {[%emt 00:03:05]}
Qd8 {[%clk 00:43:16]} {[%emt 00:02:35]} 23. Bb6 {[%clk 00:28:22]} {[%emt
00:03:29]} Rxb6 {[%clk 00:43:04]} {[%emt 00:00:42]} 24. Qxb6 {[%clk 00:28:22]}
{[%emt 00:00:30]} Bd4+ {[%clk 00:43:27]} {[%emt 00:00:06]} 25. Qxd4 {[%clk
00:28:30]} {[%emt 00:00:23]} Qxd4+ {[%clk 00:43:50]} {[%emt 00:00:07]} 26. Kh1
{[%clk 00:28:52]} {[%emt 00:00:08]} Qd6 {[%clk 00:44:08]} {[%emt 00:00:12]} 27.
Rc3 {[%clk 00:28:41]} {[%emt 00:00:42]} b4 {[%clk 00:44:29]} {[%emt 00:00:09]}
28. Nc4 {[%clk 00:28:36]} {[%emt 00:00:34]} Qd4 {[%clk 00:44:44]} {[%emt
00:00:16]} 29. Rcc1 {[%clk 00:28:53]} {[%emt 00:00:14]} Bxc4 {[%clk 00:45:05]}
{[%emt 00:00:09]} 30. Rfd1 {[%clk 00:29:19]} {[%emt 00:00:04]} Bd3 {[%clk
00:45:22]} {[%emt 00:00:13]} 31. Rd2 {[%clk 00:29:28]} {[%emt 00:00:21]} g6
{[%clk 00:45:46]} {[%emt 00:00:06]} 32. Rcd1 {[%clk 00:29:54]} {[%emt
00:00:04]} Re8 {[%clk 00:46:09]} {[%emt 00:00:06]} 33. h3 {[%clk 00:30:14]}
{[%emt 00:00:10]} Qd6 {[%clk 00:46:25]} {[%emt 00:00:14]} 34. Kg1 {[%clk
00:30:00]} {[%emt 00:00:45]} Qc5+ {[%clk 00:46:42]} {[%emt 00:00:12]} 0-1

[Event "DEM U12 2021"]
[Site "Willingen GER"]
[Date "2021.08.26"]
[Round "6"]
[White "Engel, Bruno"]
[Black "Haubold, Christian Lucas"]
[Result "0-1"]
[Termination "normal"]
[Board "3"]
[WhiteElo "1660"]
[BlackElo "1649"]
[WhiteClock "00:35:02"]
[BlackClock "00:09:55"]
[PlyCount "142"]
[WhiteFideId "34609008"]
[BlackFideId "16259629"]
[EventCountry "GER"]
[EventRounds "9"]
[EventType "swiss"]
[EventDate "2021.08.22"]

1. e4 {[%clk 01:30:57]} {[%emt 00:00:02]} e5 {[%clk 01:30:25]} {[%emt
00:00:06]} 2. Nf3 {[%clk 01:31:21]} {[%emt 00:00:06]} Nc6 {[%clk 01:31:20]}
{[%emt 00:00:05]} 3. Bb5 {[%clk 01:31:46]} {[%emt 00:00:05]} a6 {[%clk
01:31:42]} {[%emt 00:00:08]} 4. Ba4 {[%clk 01:32:11]} {[%emt 00:00:05]} d6
{[%clk 01:32:06]} {[%emt 00:00:06]} 5. O-O {[%clk 01:32:24]} {[%emt 00:00:16]}
Nf6 {[%clk 01:31:41]} {[%emt 00:00:55]} 6. Re1 {[%clk 01:32:42]} {[%emt
00:00:11]} Be7 {[%clk 01:27:32]} {[%emt 00:04:40]} 7. c3 {[%clk 01:32:17]}
{[%emt 00:00:56]} b5 {[%clk 01:26:29]} {[%emt 00:01:32]} 8. Bc2 {[%clk
01:32:02]} {[%emt 00:00:44]} Bg4 {[%clk 01:17:59]} {[%emt 00:09:01]} 9. d3
{[%clk 01:30:23]} {[%emt 00:02:09]} O-O {[%clk 01:16:26]} {[%emt 00:02:03]} 10.
Nbd2 {[%clk 01:29:29]} {[%emt 00:01:23]} Na7 {[%clk 01:06:45]} {[%emt
00:10:11]} 11. d4 {[%clk 01:24:20]} {[%emt 00:05:39]} exd4 {[%clk 01:01:04]}
{[%emt 00:06:12]} 12. cxd4 {[%clk 01:24:23]} {[%emt 00:00:26]} c5 {[%clk
00:52:22]} {[%emt 00:09:12]} 13. d5 {[%clk 01:20:28]} {[%emt 00:04:24]} Nd7
{[%clk 00:49:08]} {[%emt 00:03:45]} 14. h3 {[%clk 01:17:40]} {[%emt 00:03:17]}
Bh5 {[%clk 00:49:16]} {[%emt 00:00:21]} 15. b3 {[%clk 01:16:23]} {[%emt
00:01:47]} Bf6 {[%clk 00:48:35]} {[%emt 00:01:12]} 16. Rb1 {[%clk 01:16:40]}
{[%emt 00:00:13]} b4 {[%clk 00:45:47]} {[%emt 00:03:18]} 17. Nc4 {[%clk
01:13:19]} {[%emt 00:03:51]} Nb5 {[%clk 00:43:40]} {[%emt 00:02:37]} 18. Bb2
{[%clk 01:08:16]} {[%emt 00:05:33]} Bc3 {[%clk 00:35:40]} {[%emt 00:08:29]} 19.
Re3 {[%clk 00:59:13]} {[%emt 00:09:32]} Qf6 {[%clk 00:29:50]} {[%emt 00:06:21]}
20. Qd3 {[%clk 00:54:54]} {[%emt 00:04:49]} Rfe8 {[%clk 00:21:36]} {[%emt
00:08:45]} 21. e5 {[%clk 00:52:20]} {[%emt 00:03:04]} Qh6 {[%clk 00:16:43]}
{[%emt 00:05:23]} 22. Bc1 {[%clk 00:42:02]} {[%emt 00:10:47]} Bg6 {[%clk
00:15:32]} {[%emt 00:01:40]} 23. Qf1 {[%clk 00:30:04]} {[%emt 00:12:28]} Bxc2
{[%clk 00:11:40]} {[%emt 00:04:23]} 24. Rxc3 {[%clk 00:30:21]} {[%emt
00:00:13]} Qg6 {[%clk 00:12:02]} {[%emt 00:00:08]} 25. Rxc2 {[%clk 00:27:30]}
{[%emt 00:03:21]} Qxc2 {[%clk 00:11:14]} {[%emt 00:01:18]} 26. Bb2 {[%clk
00:26:48]} {[%emt 00:01:12]} dxe5 {[%clk 00:10:14]} {[%emt 00:01:31]} 27. Nfxe5
{[%clk 00:26:22]} {[%emt 00:00:55]} Nxe5 {[%clk 00:10:18]} {[%emt 00:00:26]}
28. Bxe5 {[%clk 00:26:42]} {[%emt 00:00:10]} f6 {[%clk 00:09:32]} {[%emt
00:01:16]} 29. Rb2 {[%clk 00:25:03]} {[%emt 00:02:09]} Qf5 {[%clk 00:09:01]}
{[%emt 00:01:00]} 30. Bg3 {[%clk 00:24:46]} {[%emt 00:00:48]} Rad8 {[%clk
00:08:35]} {[%emt 00:00:55]} 31. d6 {[%clk 00:25:01]} {[%emt 00:00:16]} Qe6
{[%clk 00:07:04]} {[%emt 00:02:01]} 32. Kh2 {[%clk 00:25:06]} {[%emt 00:00:25]}
Nd4 {[%clk 00:06:58]} {[%emt 00:00:37]} 33. Qd1 {[%clk 00:22:44]} {[%emt
00:02:52]} Qe1 {[%clk 00:06:31]} {[%emt 00:00:57]} 34. Qh5 {[%clk 00:22:31]}
{[%emt 00:00:43]} Ne2 {[%clk 00:06:21]} {[%emt 00:00:41]} 35. Rxe2 {[%clk
00:22:55]} {[%emt 00:00:06]} Qxe2 {[%clk 00:06:43]} {[%emt 00:00:07]} 36. Qxc5
{[%clk 00:23:14]} {[%emt 00:00:11]} Qe1 {[%clk 00:05:28]} {[%emt 00:01:46]} 37.
Qa5 {[%clk 00:21:46]} {[%emt 00:01:58]} Qe6 {[%clk 00:05:02]} {[%emt 00:00:56]}
38. Qxb4 {[%clk 00:21:47]} {[%emt 00:00:30]} g5 {[%clk 00:04:48]} {[%emt
00:00:44]} 39. Qd2 {[%clk 00:20:06]} {[%emt 00:02:10]} h5 {[%clk 00:04:40]}
{[%emt 00:00:38]} 40. f4 {[%clk 00:17:58]} {[%emt 00:02:38]} h4 {[%clk
00:04:10]} {[%emt 00:00:59]} 41. Bf2 {[%clk 00:18:13]} {[%emt 00:00:15]} Qf5
{[%clk 00:01:14]} {[%emt 00:03:26]} 42. fxg5 {[%clk 00:15:01]} {[%emt
00:03:42]} fxg5 {[%clk 00:01:16]} {[%emt 00:00:28]} 43. Bd4 {[%clk 00:13:53]}
{[%emt 00:01:37]} Re4 {[%clk 00:29:28]} {[%emt 00:02:18]} 44. Bb2 {[%clk
00:42:29]} {[%emt 00:01:54]} g4 {[%clk 00:26:06]} {[%emt 00:03:53]} 45. hxg4
{[%clk 00:42:05]} {[%emt 00:00:53]} Qxg4 {[%clk 00:26:04]} {[%emt 00:00:33]}
46. Qc3 {[%clk 00:42:29]} {[%emt 00:00:07]} Kh7 {[%clk 00:25:10]} {[%emt
00:01:24]} 47. Ne5 {[%clk 00:41:54]} {[%emt 00:01:04]} Qf4+ {[%clk 00:16:08]}
{[%emt 00:09:33]} 48. Kh1 {[%clk 00:41:34]} {[%emt 00:00:49]} Rg8 {[%clk
00:13:43]} {[%emt 00:02:57]} 49. Qc7+ {[%clk 00:41:08]} {[%emt 00:00:56]} Rg7
{[%clk 00:13:49]} {[%emt 00:00:24]} 50. Qxg7+ {[%clk 00:41:29]} {[%emt
00:00:09]} Kxg7 {[%clk 00:14:14]} {[%emt 00:00:04]} 51. Nd3+ {[%clk 00:41:51]}
{[%emt 00:00:09]} Kf7 {[%clk 00:13:37]} {[%emt 00:01:07]} 52. Nxf4 {[%clk
00:42:11]} {[%emt 00:00:10]} Rxf4 {[%clk 00:14:05]} {[%emt 00:00:02]} 53. Ba3
{[%clk 00:38:46]} {[%emt 00:03:55]} Rf2 {[%clk 00:13:28]} {[%emt 00:01:07]} 54.
Bc5 {[%clk 00:38:09]} {[%emt 00:01:08]} Rxa2 {[%clk 00:13:25]} {[%emt
00:00:33]} 55. b4 {[%clk 00:38:27]} {[%emt 00:00:11]} Ke6 {[%clk 00:13:36]}
{[%emt 00:00:19]} 56. Kh2 {[%clk 00:38:13]} {[%emt 00:00:44]} Ra3 {[%clk
00:12:56]} {[%emt 00:01:11]} 57. Bf2 {[%clk 00:35:03]} {[%emt 00:03:39]} Ra4
{[%clk 00:11:31]} {[%emt 00:01:55]} 58. Bc5 {[%clk 00:35:01]} {[%emt 00:00:32]}
Ra3 {[%clk 00:11:20]} {[%emt 00:00:41]} 59. Bf2 {[%clk 00:35:21]} {[%emt
00:00:10]} Rb3 {[%clk 00:11:46]} {[%emt 00:00:04]} 60. Bc5 {[%clk 00:35:29]}
{[%emt 00:00:21]} Kd7 {[%clk 00:11:52]} {[%emt 00:00:25]} 61. Kg1 {[%clk
00:34:59]} {[%emt 00:00:59]} Kc6 {[%clk 00:12:10]} {[%emt 00:00:14]} 62. Kf2
{[%clk 00:34:58]} {[%emt 00:00:30]} a5 {[%clk 00:11:07]} {[%emt 00:01:33]} 63.
d7 {[%clk 00:34:37]} {[%emt 00:00:51]} Rd3 {[%clk 00:11:27]} {[%emt 00:00:09]}
64. Be7 {[%clk 00:34:24]} {[%emt 00:00:43]} Rxd7 {[%clk 00:11:42]} {[%emt
00:00:16]} 65. Bxh4 {[%clk 00:34:32]} {[%emt 00:00:21]} axb4 {[%clk 00:12:05]}
{[%emt 00:00:05]} 66. Ke3 {[%clk 00:34:40]} {[%emt 00:00:24]} Rd6 {[%clk
00:10:57]} {[%emt 00:01:38]} 67. Be1 {[%clk 00:34:33]} {[%emt 00:00:37]} b3
{[%clk 00:10:30]} {[%emt 00:00:57]} 68. Bc3 {[%clk 00:34:58]} {[%emt 00:00:05]}
Kb5 {[%clk 00:10:40]} {[%emt 00:00:21]} 69. g4 {[%clk 00:35:12]} {[%emt
00:00:15]} Kc4 {[%clk 00:11:03]} {[%emt 00:00:08]} 70. Bh8 {[%clk 00:35:26]}
{[%emt 00:00:15]} Rd3+ {[%clk 00:11:09]} {[%emt 00:00:24]} 71. Ke4 {[%clk
00:35:02]} {[%emt 00:00:25]} Rc3 {[%clk 00:09:55]} {[%emt 00:01:45]} 0-1

[Event "DEM U12 2021"]
[Site "Willingen GER"]
[Date "2021.08.26"]
[Round "6"]
[White "Aniol, Nico"]
[Black "Haubold, Sebastian Marcel"]
[Result "1/2-1/2"]
[Termination "normal"]
[Board "4"]
[WhiteElo "1448"]
[BlackElo "1813"]
[WhiteClock "00:26:55"]
[BlackClock "00:05:23"]
[PlyCount "118"]
[WhiteFideId "16287096"]
[BlackFideId "16259637"]
[EventCountry "GER"]
[EventRounds "9"]
[EventType "swiss"]
[EventDate "2021.08.22"]

1. e4 {[%clk 01:30:17]} {[%emt 00:00:42]} e5 {[%clk 01:30:55]} {[%emt
00:00:06]} 2. f4 {[%clk 01:29:05]} {[%emt 00:01:42]} d5 {[%clk 01:30:21]}
{[%emt 00:01:03]} 3. exd5 {[%clk 01:27:57]} {[%emt 00:01:38]} exf4 {[%clk
01:30:37]} {[%emt 00:00:14]} 4. Nf3 {[%clk 01:26:57]} {[%emt 00:01:30]} Nf6
{[%clk 01:28:02]} {[%emt 00:03:05]} 5. Bc4 {[%clk 01:24:57]} {[%emt 00:02:26]}
Bd6 {[%clk 01:25:55]} {[%emt 00:02:42]} 6. Qe2+ {[%clk 01:19:54]} {[%emt
00:05:33]} Qe7 {[%clk 01:19:20]} {[%emt 00:07:05]} 7. Qxe7+ {[%clk 01:17:06]}
{[%emt 00:03:18]} Kxe7 {[%clk 01:16:41]} {[%emt 00:03:09]} 8. O-O {[%clk
01:14:40]} {[%emt 00:02:56]} Rd8 {[%clk 01:15:41]} {[%emt 00:01:31]} 9. d4
{[%clk 01:13:11]} {[%emt 00:01:59]} Bf5 {[%clk 01:11:55]} {[%emt 00:04:15]} 10.
c3 {[%clk 01:09:55]} {[%emt 00:03:46]} Be4 {[%clk 01:00:45]} {[%emt 00:11:41]}
11. Ng5 {[%clk 01:02:18]} {[%emt 00:08:07]} Bxb1 {[%clk 00:53:34]} {[%emt
00:07:40]} 12. Rxb1 {[%clk 00:59:57]} {[%emt 00:02:52]} h6 {[%clk 00:53:58]}
{[%emt 00:00:05]} 13. Nf3 {[%clk 00:58:40]} {[%emt 00:01:47]} g5 {[%clk
00:53:33]} {[%emt 00:00:56]} 14. Bd3 {[%clk 00:56:48]} {[%emt 00:02:21]} Nxd5
{[%clk 00:49:02]} {[%emt 00:05:01]} 15. Bd2 {[%clk 00:54:23]} {[%emt 00:02:55]}
Nc6 {[%clk 00:44:22]} {[%emt 00:05:11]} 16. Rfe1+ {[%clk 00:51:44]} {[%emt
00:03:08]} Kf8 {[%clk 00:41:37]} {[%emt 00:03:14]} 17. h3 {[%clk 00:49:17]}
{[%emt 00:02:58]} Kg7 {[%clk 00:36:39]} {[%emt 00:05:28]} 18. Re2 {[%clk
00:45:57]} {[%emt 00:03:50]} Nf6 {[%clk 00:34:02]} {[%emt 00:03:07]} 19. Be1
{[%clk 00:41:56]} {[%emt 00:04:32]} Re8 {[%clk 00:31:28]} {[%emt 00:03:04]} 20.
Rxe8 {[%clk 00:39:59]} {[%emt 00:02:19]} Rxe8 {[%clk 00:31:57]} 21. Bf2 {[%clk
00:39:44]} {[%emt 00:00:54]} Ne7 {[%clk 00:26:59]} {[%emt 00:05:28]} 22. Re1
{[%clk 00:38:54]} {[%emt 00:01:20]} Ned5 {[%clk 00:25:39]} {[%emt 00:01:50]}
23. Rxe8 {[%clk 00:38:14]} {[%emt 00:01:11]} Nxe8 {[%clk 00:26:04]} {[%emt
00:00:05]} 24. Kf1 {[%clk 00:38:35]} {[%emt 00:00:09]} Kf6 {[%clk 00:25:20]}
{[%emt 00:01:13]} 25. Ke2 {[%clk 00:38:25]} {[%emt 00:00:40]} Ng7 {[%clk
00:24:59]} {[%emt 00:00:51]} 26. Be4 {[%clk 00:37:48]} {[%emt 00:01:07]} c6
{[%clk 00:25:04]} {[%emt 00:00:25]} 27. c4 {[%clk 00:37:16]} {[%emt 00:01:02]}
Ne7 {[%clk 00:24:14]} {[%emt 00:01:20]} 28. c5 {[%clk 00:36:32]} {[%emt
00:01:14]} Bc7 {[%clk 00:23:45]} {[%emt 00:00:58]} 29. Bd3 {[%clk 00:35:31]}
{[%emt 00:01:32]} Ngf5 {[%clk 00:22:20]} {[%emt 00:01:55]} 30. Nd2 {[%clk
00:33:54]} {[%emt 00:02:07]} Ke6 {[%clk 00:18:24]} {[%emt 00:04:24]} 31. a3
{[%clk 00:32:33]} {[%emt 00:01:52]} h5 {[%clk 00:17:05]} {[%emt 00:01:50]} 32.
Kf3 {[%clk 00:32:16]} {[%emt 00:00:47]} Nd5 {[%clk 00:16:07]} {[%emt 00:01:27]}
33. Bc4 {[%clk 00:32:08]} {[%emt 00:00:38]} Nfe7 {[%clk 00:15:20]} {[%emt
00:01:17]} 34. Ne4 {[%clk 00:31:16]} {[%emt 00:01:22]} f6 {[%clk 00:14:36]}
{[%emt 00:01:14]} 35. Bg1 {[%clk 00:30:24]} {[%emt 00:01:22]} Nc8 {[%clk
00:14:09]} {[%emt 00:00:57]} 36. Nc3 {[%clk 00:29:03]} {[%emt 00:01:51]} f5
{[%clk 00:14:08]} {[%emt 00:00:31]} 37. Nxd5 {[%clk 00:28:31]} {[%emt
00:01:02]} cxd5 {[%clk 00:14:32]} {[%emt 00:00:07]} 38. Bb5 {[%clk 00:28:31]}
{[%emt 00:00:30]} g4+ {[%clk 00:14:39]} {[%emt 00:00:23]} 39. Ke2 {[%clk
00:28:34]} {[%emt 00:00:27]} f3+ {[%clk 00:14:46]} {[%emt 00:00:23]} 40. Kf2
{[%emt 00:00:11]} fxg2 {[%clk 00:14:37]} {[%emt 00:00:38]} 41. Kxg2 {[%clk
00:29:02]} {[%emt 00:00:22]} f4 {[%clk 00:14:25]} {[%emt 00:00:42]} 42. Be8
{[%clk 00:28:56]} {[%emt 00:00:36]} f3+ {[%clk 00:14:52]} {[%emt 00:00:03]} 43.
Kf1 {[%clk 00:28:57]} {[%emt 00:00:29]} gxh3 {[%clk 00:12:41]} {[%emt
00:02:41]} 44. Bxh5 {[%clk 00:29:13]} {[%emt 00:00:13]} Kf5 {[%clk 00:11:28]}
{[%emt 00:01:44]} 45. Bxf3 {[%clk 00:29:30]} {[%emt 00:00:13]} Ne7 {[%clk
00:11:11]} {[%emt 00:00:47]} 46. Be3 {[%clk 00:28:59]} {[%emt 00:01:01]} Bf4
{[%clk 00:10:43]} {[%emt 00:00:58]} 47. Kf2 {[%clk 00:29:00]} {[%emt 00:00:29]}
Bxe3+ {[%clk 00:09:58]} {[%emt 00:01:16]} 48. Kxe3 {[%clk 00:29:25]} {[%emt
00:00:06]} Kg5 {[%clk 00:10:22]} {[%emt 00:00:05]} 49. b4 {[%clk 00:29:22]}
{[%emt 00:00:33]} Kf6 {[%clk 00:09:07]} {[%emt 00:01:45]} 50. Kf4 {[%clk
00:29:34]} {[%emt 00:00:17]} h2 {[%clk 00:08:22]} {[%emt 00:01:15]} 51. Kg3
{[%clk 00:30:01]} {[%emt 00:00:04]} Kg5 {[%clk 00:08:02]} {[%emt 00:00:50]} 52.
a4 {[%clk 00:29:53]} {[%emt 00:00:39]} Kf5 {[%clk 00:07:09]} {[%emt 00:01:22]}
53. b5 {[%clk 00:30:05]} {[%emt 00:00:18]} Kg5 {[%clk 00:06:08]} {[%emt
00:01:29]} 54. Bh1 {[%clk 00:29:06]} {[%emt 00:01:31]} Kf5 {[%clk 00:05:58]}
{[%emt 00:00:39]} 55. a5 {[%clk 00:29:11]} {[%emt 00:00:26]} a6 {[%clk
00:04:39]} {[%emt 00:01:50]} 56. bxa6 {[%clk 00:27:06]} {[%emt 00:02:36]} bxa6
{[%clk 00:05:03]} {[%emt 00:00:05]} 57. Kxh2 {[%clk 00:27:27]} {[%emt
00:00:09]} Kf4 {[%clk 00:04:55]} {[%emt 00:00:38]} 58. c6 {[%clk 00:26:30]}
{[%emt 00:01:27]} Nxc6 {[%clk 00:05:16]} {[%emt 00:00:08]} 59. Bxd5 {[%clk
00:26:55]} {[%emt 00:00:06]} Nxa5 {[%clk 00:05:23]} {[%emt 00:00:23]} 1/2-1/2